[Event "Zaragoza op 11th"]
[Site "Zaragoza"]
[Date "1999.??.??"]
[Round "8"]
[White "Suba, Mihai"]
[Black "Franco Ocampo, Zenon"]
[Result "1/2-1/2"]
[WhiteElo "2530"]
[BlackElo "2460"]

1.Nf3 d5 2.c4 c6 3.e3 Nf6 4.Nc3 e6 5.d4 Nbd7 6.Be2 Bd6 7.Qc2 O-O 8.O-O Re8
9.a3 e5 10.cxd5 cxd5 11.Nb5 Bb8 12.dxe5 Nxe5 13.Bd2 Bg4 14.Nbd4 Ne4 15.Bc3 Qd6
16.Nxe5 Qxe5 17.g3 Bh3 18.Rfe1 a6 19.Bf1 Qh5 20.Bxh3 Qxh3 21.Qe2 Be5 22.Red1 Rac8
23.Qf3 Nxc3 24.bxc3 Rxc3 25.Qxd5 Qc8 26.a4 Rc5 27.Qf3 g6 28.Rab1 Bxd4 29.Rxd4 b5
30.g4 h5 31.h3 hxg4 32.hxg4 Rd8 33.Rf4 Rc1+ 34.Rxc1 Qxc1+ 35.Kg2 Qc7 36.axb5 axb5
37.Rb4 Qc5 38.Qe4 g5 39.Qb1 Qc6+ 40.e4 Qe6 41.Kf3 Qf6+ 42.Kg2 Rd2 43.Qe1 Qf4
44.Rxb5 Qxg4+ 45.Kf1 Rd4 46.Rd5 Rxd5 47.exd5 Qc4+ 48.Kg1 Qxd5 49.Qc3 Kh7
50.Qf6 Qd1+ 51.Kh2 Qh5+ 52.Kg3 Qh4+ 53.Kg2 Qg4+ 54.Kh2 Qh5+ 55.Kg3 Qg6 56.Qf3 Qg7
57.Qf5+ Kh6 58.f4 Qg6 59.Kg4  1/2-1/2

[Event "Zaragoza op 11th"]
[Site "Zaragoza"]
[Date "1999.??.??"]
[Round "8"]
[White "Del Rey, Diego"]
[Black "Cifuentes Parada, Roberto"]
[Result "1/2-1/2"]
[WhiteElo "2370"]
[BlackElo "2525"]

1.d4 d5 2.c4 c6 3.e3 Nf6 4.Nf3 e6 5.Nc3 Nbd7 6.Bd3 dxc4 7.Bxc4 b5 8.Bd3 b4
9.Na4 c5 10.e4 cxd4 11.Bb5 Bb7 12.e5 Nd5 13.Qxd4 Qa5 14.Bxd7+ Kxd7 15.b3 Ba6
16.Nd2 Ke8 17.Nc4 Qc7 18.O-O Bxc4 19.bxc4 Nb6 20.Nb2 Rd8 21.Qe4 Bc5 22.Be3 Bxe3
23.Qxe3 h6 24.Rac1 Kf8 25.a3 bxa3 26.Qxa3+ Kg8 27.c5 Nd7 28.f4 Nb8 29.Nc4 Nc6
30.Nd6 Kh7 31.Qa6 Rd7 32.Rb1 Rb8 33.Rb5 Rxb5 34.Qxb5 Kg8 35.Ra1 Rd8 36.Ra6 Nb8
37.Ra4 Nc6 38.Ra6 Nb8 39.Ra2 Nc6 40.Ra6  1/2-1/2

[Event "Hilton Open"]
[Site "Basel SUI"]
[Date "2000.01.05"]
[Round "7"]
[White "Horvath,Jo"]
[Black "Nueesch,G"]
[Result "1-0"]
[WhiteElo "2557"]
[BlackElo "2207"]

1.Nf3 Nf6 2.c4 c6 3.Nc3 d5 4.e3 e6 5.d4 Nbd7 6.Qc2 Be7 7.Bd3 dxc4 8.Bxc4 b5
9.Bd3 a6 10.e4 h6 11.O-O Bb7 12.e5 Nd5 13.Nxd5 cxd5 14.a4 bxa4 15.Rxa4 O-O
16.Bd2 Qb8 17.Rfa1 Nb6 18.R4a2 Rc8 19.Bc3 Nc4 20.b3 Na3 21.Rxa3 Bb4 22.Bxb4 Rxc2
23.Bxc2 Bc6 24.Bc5 Bb5 25.Nd2 Qd8 26.b4 Qg5 27.Re3 h5 28.g3 Qd8 29.h4 g5
30.hxg5 Qxg5 31.Kg2 Kg7 32.Nf3 Qd8 33.Rh1 a5 34.bxa5 Rxa5 35.Rxh5 Ra2 36.Rg5+  1-0

[Event "It"]
[Site "Pamplona ESP"]
[Date "2000.01.05"]
[Round "9"]
[White "Illescas Cordoba,M"]
[Black "Vallejo Pons,F"]
[Result "1/2-1/2"]
[WhiteElo "2600"]
[BlackElo "2519"]

1.d4 Nf6 2.c4 e6 3.Nf3 d5 4.Nc3 c6 5.e3 Nbd7 6.Bd3 dxc4 7.Bxc4 b5 8.Be2 a6
9.e4 b4 10.e5 bxc3 11.exf6 cxb2 12.fxg7 Bxg7 13.Bxb2 c5 14.O-O O-O 15.Rb1 Bb7
16.dxc5 Bxb2 17.Rxb2 Nxc5 18.Qc1 Bxf3 19.Bxf3 Nd3 20.Qh6 Nxb2 21.Bxa8 Qxa8
22.Qg5+ Kh8 23.Qf6+ Kg8 24.Qg5+ Kh8 25.Qf6+ Kg8 26.Qxb2 Rd8 27.h3 Qd5 28.Re1 Qd2
29.Qe5 Rd5 30.Qb8+ Kg7 31.Re3 Rg5 32.Qf4 Qd1+ 33.Kh2 Qd5 34.g4 h5 35.Rf3 Qe5
36.Qxe5+ Rxe5  1/2-1/2

[Event "ch-Asia"]
[Site "Udaipur IND"]
[Date "2000.01.11"]
[Round "2"]
[White "Rahman,Zia"]
[Black "Prasad,D"]
[Result "1/2-1/2"]
[WhiteElo "2465"]
[BlackElo "2421"]

1.c4 c6 2.Nf3 d5 3.d4 Nf6 4.Nc3 e6 5.e3 Nbd7 6.Bd3 dxc4 7.Bxc4 b5 8.Be2 Bb7
9.O-O a6 10.e4 b4 11.e5 bxc3 12.exf6 Nxf6 13.bxc3 Bd6 14.Rb1 Rb8 15.c4 O-O
16.c5 Bc7 17.Bg5 Qd5 18.Qc2 Bc8 19.Bc4 Qd7 20.Bxf6 gxf6 21.Qe4 Rxb1 22.Rxb1 e5
23.dxe5 Qf5 24.Qxf5 Bxf5 25.Rb7 Bxe5 26.Nxe5 fxe5 27.f3 e4 28.Kf2 exf3 29.gxf3 Be6
30.Bxe6 fxe6 31.Rb6 Rf5 32.Rxc6 Kf7 33.Ke3 Rd5 34.Rc7+ Kf6 35.a4 a5 36.c6 Rc5
37.Kd4 Rc2 38.h4 h6 39.h5 Rc1 40.f4 Rc2 41.Rh7 Rxc6 42.Rxh6+ Kf5 43.Rg6 Kxf4
44.Rg1 Rd6+ 45.Kc4 e5 46.Rg6 Rd4+ 47.Kb5 e4 48.h6 Rd3 49.Kc4  1/2-1/2

[Event "Troll Masters"]
[Site "Gausdal NOR"]
[Date "2000.01.12"]
[Round "5"]
[White "Anderton,D"]
[Black "Leer Salvesen,B"]
[Result "1/2-1/2"]
[WhiteElo "2228"]
[BlackElo "2261"]

1.d4 e6 2.c4 d5 3.Nc3 c6 4.e3 Nf6 5.Nf3 Nbd7 6.Qc2 Bd6 7.b3 O-O 8.Be2 Re8
9.O-O Qe7 10.Rd1 b6 11.e4 dxe4 12.Nxe4 Nxe4 13.Qxe4 Bb7 14.Ne5 Nf6 15.Qe3 c5
16.Bb2 Qc7 17.f4 Rad8 18.Bf3 Nd7 19.Bxb7 Qxb7  1/2-1/2

[Event "ch-Asia"]
[Site "Udaipur IND"]
[Date "2000.01.12"]
[Round "3"]
[White "Sundararajan,K"]
[Black "Prakash,G"]
[Result "1/2-1/2"]
[WhiteElo "2433"]
[BlackElo "2435"]

1.d4 d5 2.c4 c6 3.Nc3 Nf6 4.e3 e6 5.Nf3 Nbd7 6.Bd3 dxc4 7.Bxc4 b5 8.Bd3 b4
9.Ne4 Be7 10.O-O Bb7 11.Nxf6+ Nxf6 12.e4 O-O 13.Qc2 h6 14.Be3 c5 15.dxc5 Rc8
16.a3 b3 17.Qxb3 Bxe4 18.Bxe4 Nxe4 19.c6 Rxc6 20.Qa4 Qd5 21.Rfd1 Qc4 22.Qxc4 Rxc4
23.Bxa7 Bf6 24.Bd4 Rc2 25.Re1 Nd6 26.Rec1 Rxb2 27.Bxb2 Bxb2 28.a4 Bxc1 29.Rxc1 Ra8
30.Ra1 Nc4 31.Nd4  1/2-1/2

[Event "VII Anibal Open"]
[Site "Linares ESP"]
[Date "2000.01.13"]
[Round "7"]
[White "Portisch,L"]
[Black "Zvjaginsev,V"]
[Result "1/2-1/2"]
[WhiteElo "2552"]
[BlackElo "2652"]

1.d4 d5 2.c4 e6 3.Nc3 c6 4.e3 Nf6 5.Nf3 Nbd7 6.Be2 Bd6 7.O-O O-O 8.b3 b6
9.Bb2 Bb7 10.Bd3 Re8 11.Qc2 Rc8 12.e4 e5 13.exd5 cxd5 14.Nb5 Bb8 15.dxe5 Nxe5
16.Nxe5 Bxe5 17.Bxe5 Rxe5 18.Rad1 a6 19.Nd4 Qc7  1/2-1/2

[Event "Israeli League"]
[Site "Ramat Aviv ISR"]
[Date "2000.01.14"]
[Round "1"]
[White "Haimovich,T"]
[Black "Kaganskiy,G"]
[Result "0-1"]
[WhiteElo "2276"]
[BlackElo "2298"]

1.d4 d5 2.c4 e6 3.Nc3 c6 4.e3 Nf6 5.Nf3 Nbd7 6.Qc2 Bd6 7.Bd3 e5 8.cxd5 cxd5
9.e4 dxe4 10.Nxe4 Nxe4 11.Bxe4 exd4 12.O-O Nf6 13.Bg5 h6 14.Bh4 O-O 15.Rad1 Bg4
16.Bxb7 Rb8 17.Be4 Re8 18.h3 g5 19.hxg4 Rxe4 20.Nxd4 gxh4 21.Nf5 Re6 22.Nxh6+ Kf8
23.g5 Ne4 24.Rfe1 Qxg5 25.Nxf7 Kxf7 26.Rxe4 Rg8 27.g3 hxg3 28.f4 Qc5+  0-1

[Event "Extraliga CZE"]
[Site "Ostrava CZE"]
[Date "2000.01.16"]
[Round "7"]
[White "Jaworski,Mi"]
[Black "Korobov,A"]
[Result "1/2-1/2"]
[WhiteElo "2404"]
[BlackElo "2336"]

1.d4 d5 2.c4 e6 3.Nf3 c6 4.Nc3 Nf6 5.e3 Nbd7 6.Qc2 Bd6 7.b3 O-O 8.Be2 e5
9.cxd5 cxd5 10.Nb5 Bb4+ 11.Bd2 Bxd2+ 12.Nxd2 a6 13.dxe5 Nxe5 14.Nd4 Bg4 15.Bxg4 Nexg4
16.h3 Ne5 17.O-O Rc8 18.Qf5 Nc6 19.N2f3 Ne4 20.Rac1 g6 21.Nxc6 bxc6 22.Qf4 Qe7
23.Rc2 Rfd8 24.Rfc1 Rd6 25.Ne5 c5 26.Nd3 Re6 27.Qf3 a5 28.Nf4 Re5 29.Qd1 Qh4
30.Qg4 Qd8 31.Rd1 Rc6 32.Kh2 Kh8 33.Qe2 g5 34.Nd3 Rf5 35.Qg4 Qc7+ 36.Kg1 Rcf6
37.f3 Ng3 38.Rxc5 Qd6 39.Rc8+ Kg7 40.Nf4 Qe5 41.Kh2 Ne2 42.Kh1 Rxf4 43.exf4 Rxf4
44.Re8 Qxe8 45.Qxg5+ Kf8 46.Qh6+ Kg8 47.Qg5+ Kf8 48.Qh6+ Kg8  1/2-1/2

[Event "ch-CRO"]
[Site "Pula CRO"]
[Date "2000.01.16"]
[Round "10"]
[White "Kovacevic,B"]
[Black "Zaja,I"]
[Result "1-0"]
[WhiteElo "2447"]
[BlackElo "2446"]

1.c4 e6 2.Nc3 d5 3.d4 c6 4.e3 Nf6 5.Nf3 Nbd7 6.Bd3 dxc4 7.Bxc4 b5 8.Be2 b4
9.Na4 c5 10.dxc5 Nxc5 11.Qxd8+ Kxd8 12.Nxc5 Bxc5 13.Ne5 Ke8 14.Bf3 Rb8 15.Bd2 Ba6
16.Rc1 Bd6 17.Rc6 Rb6 18.Rxd6 Rxd6 19.Bxb4 Rb6 20.Bc6+ Rxc6 21.Nxc6 Bc4 22.Ne5 Bb5
23.f3 Nd5 24.Bd2 f6 25.Ng4 Kf7 26.e4 Nb6 27.Kf2 Rd8 28.Ba5 Rc8 29.Bc3 Nc4
30.Kg3 h5 31.Nf2 g5 32.Nd1 h4+ 33.Kf2 Nxb2 34.Bxb2 Rc2+ 35.Ke3 Re2+ 36.Kd4 Ba4
37.Bc3 Rxg2 38.Nb2 Bb5 39.Nc4 Bxc4 40.Kxc4 Rxa2 41.Kd3 f5 42.Bd2 Ra3+ 43.Ke2 Kf6
44.e5+ Kxe5 45.Bxg5 Ra2+ 46.Bd2 a5 47.Rb1 Kd4 48.Rb5 a4 49.Rb4+ Kd5 50.Rxh4 e5
51.Rb4 a3 52.Ra4 Ra1 53.h4 f4 54.h5 Rh1 55.Rxa3 Rxh5 56.Kd3 Rh2 57.Ra5+ Kc6
58.Be1 Kd6 59.Bb4+ Ke6 60.Bc3 Rf2 61.Rxe5+  1-0

[Event "Corus B"]
[Site "Wijk aan Zee NED"]
[Date "2000.01.18"]
[Round "1"]
[White "Avrukh,B"]
[Black "Van der Wiel,J"]
[Result "1/2-1/2"]
[WhiteElo "2620"]
[BlackElo "2558"]

1.d4 Nf6 2.c4 c6 3.Nc3 d5 4.e3 e6 5.Nf3 Nbd7 6.Qc2 Bd6 7.Bd3 dxc4 8.Bxc4 O-O
9.O-O a6 10.a4 c5 11.Rd1 cxd4 12.exd4 Qc7 13.Qe2  1/2-1/2

[Event "ch-Asia"]
[Site "Udaipur IND"]
[Date "2000.01.19"]
[Round "9"]
[White "Dao Thien Hai"]
[Black "Reefat,S"]
[Result "1-0"]
[WhiteElo "2550"]
[BlackElo "2379"]

1.d4 d5 2.c4 e6 3.Nc3 c6 4.e3 Nf6 5.Nf3 Nbd7 6.Qc2 Bd6 7.b3 O-O 8.Be2 Re8
9.O-O dxc4 10.bxc4 e5 11.Rd1 e4 12.Nd2 Qc7 13.a4 Nf8 14.Nf1 Ng6 15.Qb3 Nh4
16.Ba3 h5 17.Bxd6 Qxd6 18.Qa3 Qd7 19.Qc5 Qf5 20.Qxf5 Nxf5 21.a5 h4 22.h3 g5
23.Nd2 Nh6 24.Rdb1 g4 25.hxg4 Nhxg4 26.Bxg4 Bxg4 27.Rxb7 Kg7 28.Rc7 h3 29.Rxc6 Rab8
30.Rb1 Rxb1+ 31.Ncxb1 hxg2 32.Kxg2 Be2 33.Nc3 Bd3 34.Rc5 Kg6 35.Rc6 Kg7 36.Kg3 Rh8
37.f3 exf3 38.Nxf3 Rh6 39.Ne5 Bf5 40.Rc7 Rh3+ 41.Kg2  1-0

[Event "Corus B"]
[Site "Wijk aan Zee NED"]
[Date "2000.01.20"]
[Round "3"]
[White "Danailov,S"]
[Black "Nisipeanu,LD"]
[Result "0-1"]
[WhiteElo "2462"]
[BlackElo "2611"]

1.Nf3 Nf6 2.c4 e6 3.Nc3 d5 4.d4 c6 5.e3 Nbd7 6.Qc2 Bd6 7.Bd3 O-O 8.O-O dxc4
9.Bxc4 b5 10.Bd3 Bb7 11.e4 e5 12.dxe5 Nxe5 13.Nxe5 Bxe5 14.h3 c5 15.Nxb5 c4
16.Bxc4 Nxe4 17.Be3 Qh4 18.f4 Bf6 19.Rad1 Rac8 20.b3 a6 21.Nd6 Nxd6 22.Rxd6 Rce8
23.Qf2 Qh5 24.Bd4 Bh4 25.Qd2 Rd8 26.Rd7 Rde8 27.Rd6 Rd8 28.Rxd8 Rxd8 29.Qe3 Qg6
30.Rf3 Bxf3 31.Qxf3 Rxd4  0-1

[Event "1st Fraenkische GM"]
[Site "Pulvermuele GER"]
[Date "2000.01.21"]
[Round "8"]
[White "Gabriel,Ch"]
[Black "Hamdouchi,H"]
[Result "1/2-1/2"]
[WhiteElo "2564"]
[BlackElo "2513"]

1.d4 d5 2.c4 c6 3.Nc3 Nf6 4.e3 e6 5.Nf3 Nbd7 6.Qc2 b6 7.e4 dxe4 8.Nxe4 Nxe4
9.Qxe4 Bb4+ 10.Bd2 Bxd2+ 11.Nxd2 Bb7 12.Bd3 Nf6 13.Qe3 c5 14.dxc5 bxc5 15.Nb3 Rc8
16.O-O-O Qc7 17.f3 a5 18.Nd2 O-O 19.Nb1 a4 20.Bc2 Ba6 21.Na3 Qc6 22.Rd2 Rb8
23.Rhd1 Rb4 24.Rd6 Qc8 25.Qd3 g6 26.Qc3 Nh5 27.Be4 Bb7 28.Bxb7 Rxb7 29.Nb5 Qb8
30.Qe3 Ng7 31.Qxc5 Nf5 32.R6d2 Qf4 33.Kb1 Rbb8 34.Nd4 Ne3 35.g3 Qh6 36.Rc1 Nxc4
37.Rdc2 Rfc8 38.Nc6 Rxc6 39.Qxc6 Na3+ 40.Ka1 Nxc2+ 41.Rxc2 a3 42.Qd6 axb2+
43.Kb1 Rf8 44.Qd3 Qg5 45.f4 Qa5 46.Qc3 Qd5 47.Qxb2 Qa8 48.Ka1 Rd8 49.a3 Rd3
50.Rc3 Rd1+ 51.Rc1 Rd3 52.Rc3  1/2-1/2

[Event "Perenyi Mem"]
[Site "Gyula HUN"]
[Date "2000.01.25"]
[Round "2"]
[White "Volzhin,A"]
[Black "Horvath,Cs"]
[Result "1/2-1/2"]
[WhiteElo "2548"]
[BlackElo "2519"]

1.Nf3 d5 2.c4 c6 3.e3 Nf6 4.Nc3 e6 5.d4 Nbd7 6.Bd3 dxc4 7.Bxc4 b5 8.Bd3 Bb7
9.e4 b4 10.Na4 c5 11.e5 Nd5 12.Ng5 cxd4 13.Nxe6 Qe7 14.Nxf8 Qxe5+ 15.Be2 Rxf8
16.O-O O-O-O 17.a3 Kb8  1/2-1/2

[Event "Perenyi Mem"]
[Site "Gyula HUN"]
[Date "2000.01.26"]
[Round "3"]
[White "Lauber,A"]
[Black "Zhang Pengxiang"]
[Result "1-0"]
[WhiteElo "2416"]
[BlackElo "2562"]

1.d4 d5 2.c4 c6 3.Nc3 Nf6 4.e3 e6 5.Nf3 Nbd7 6.Qc2 Bd6 7.e4 dxe4 8.Nxe4 Nxe4
9.Qxe4 Bb4+ 10.Bd2 Bxd2+ 11.Nxd2 O-O 12.O-O-O Qa5 13.Bd3 Nf6 14.Qh4 Qh5 15.Qxh5 Nxh5
16.Nf3 Nf4 17.Bf1 f6 18.g3 Ng6 19.Bg2 e5 20.dxe5 fxe5 21.Rd2 Bg4 22.Ng5 Rad8
23.Rxd8 Rxd8 24.Re1 h6 25.Ne4 Bf5 26.b3 Rd4 27.Nd2 Rd7 28.h4 Re7 29.c5 Be6
30.a3 Bd5 31.Be4 Kf7 32.b4 Nf8 33.Kb2 Kf6 34.Re3 g6 35.Nf3 Nd7 36.Kc3 Rf7
37.Nd2 Kg7 38.f3 b6 39.cxb6 Nxb6 40.Bc2 Kf6 41.Bb3 Rf8 42.Rd3 Ke7 43.a4 Ke6
44.a5 Bxb3 45.Nxb3 Na4+ 46.Kc2 Rb8 47.Nc5+ Nxc5 48.bxc5 Rb5 49.Rd6+ Kf5 50.Rxc6 Rxa5
51.Kb3 Ra1 52.Rd6 Rc1 53.c6 a5 54.g4+ Kf4 55.Rxg6 Kxf3 56.g5 hxg5 57.h5 e4
58.h6 e3 59.h7 Rb1+ 60.Ka2 Rh1 61.c7 e2 62.Re6  1-0

[Event "Perenyi Mem"]
[Site "Gyula HUN"]
[Date "2000.01.28"]
[Round "5"]
[White "Wang Rui"]
[Black "Zhang Pengxiang"]
[Result "1/2-1/2"]
[WhiteElo "2496"]
[BlackElo "2562"]

1.Nf3 d5 2.d4 Nf6 3.c4 c6 4.Nc3 e6 5.e3 Nbd7 6.Qc2 Bd6 7.Bd3 dxc4 8.Bxc4 O-O
9.O-O e5 10.Bb3 Qe7 11.h3 Nb6 12.dxe5 Bxe5 13.Nxe5 Qxe5 14.f4 Qc5 15.Nd5 Qd6
16.Nxf6+ Qxf6 17.f5 Qe5 18.e4 Re8 19.Rf4 Bd7 20.Rg4 h5 21.Rg5 Nd5 22.exd5 Qd4+
23.Kh2 Qe5+ 24.Kh1 Qe1+ 25.Kh2 Qe5+ 26.Kh1 Qe1+ 27.Kh2 Qe5+ 28.Kh1 Qe1+  1/2-1/2

[Event "Perenyi Mem"]
[Site "Gyula HUN"]
[Date "2000.01.29"]
[Round "6"]
[White "Li Wenliang"]
[Black "Horvath,Cs"]
[Result "0-1"]
[WhiteElo "2444"]
[BlackElo "2519"]

1.d4 d5 2.c4 c6 3.Nc3 Nf6 4.e3 e6 5.Nf3 Nbd7 6.Qc2 Bd6 7.b3 O-O 8.Be2 Re8
9.O-O dxc4 10.bxc4 e5 11.Rd1 exd4 12.exd4 Nf8 13.h3 Ng6 14.Bf1 h6 15.Bb2 Qc7
16.a4 Bd7 17.a5 Rad8 18.a6 b6 19.Ra2 Qc8 20.Ba1 Nf4 21.Ne5 Bxe5 22.dxe5 Rxe5
23.Qd2 Ng6 24.Na4 Ne4 25.Qb2 f6 26.Qb1 Ree8 27.f3 b5 28.Bd3 bxa4 29.Bxe4 Nf4
30.Rad2 Be6 31.Qc1 Rxd2 32.Qxd2 Qc7 33.Qc2 Qa5 34.Kh2 Rc8 35.Bc3 Qg5 36.Qf2 Bxc4
37.Bd2 Qe5 38.g3 Ne2 39.Re1 Rd8 40.Rxe2 Bxe2 41.Qxe2 Qb2 42.Bd3 a3  0-1

[Event "5th It"]
[Site "Montecatini Terme ITA"]
[Date "2000.01.29"]
[Round "1"]
[White "Mola,P"]
[Black "Wagman,S"]
[Result "1-0"]
[WhiteElo "2234"]
[BlackElo "2188"]

1.d4 d5 2.Nf3 Nf6 3.c4 c6 4.Nc3 e6 5.e3 Nbd7 6.Qc2 b6 7.Bd3 Bb7 8.O-O Bd6
9.e4 dxc4 10.Bxc4 e5 11.h3 O-O 12.Be3 c5 13.d5 a6 14.a4 Ne8 15.Nd2 Qe7 16.Bd3 Bc7
17.Nc4 Nd6 18.Rad1 Nxc4 19.Bxc4 Bd6 20.Ne2 Kh8 21.Ng3 g6 22.Qd2 Rfb8 23.Ne2 Bc8
24.Nc3 f6 25.Qd3 Nf8 26.Qe2 g5 27.Kh2 Ng6 28.Rh1 Qe8 29.Qf3 Kg7 30.g3 b5
31.axb5 axb5 32.Be2 b4 33.Nb1 Ra2 34.Nd2 Qe7 35.Nc4 Ba6 36.Bc1 Ra8 37.Ne3 Bc8
38.Nf5+ Bxf5 39.Qxf5 R2a7 40.Rdg1 Qd7 41.Qf3 Rc7 42.Bc4 Rf8 43.Qh5 Qf7 44.Be3 Ne7
45.Qg4 Qg6 46.Ra1 h5 47.Qe6 Nc8 48.Ra8 Re8 49.Qf5 Qxf5 50.exf5 Ree7 51.Bb5 e4
52.b3 Re5 53.Rha1 Rxd5 54.R1a6 Be5 55.Bc6 Rd3 56.Bxc5 h4 57.Bxb4 hxg3+ 58.Kg2 Rxb3
59.Ba5 Nb6 60.Bxb6 Rxc6 61.R6a7+  1-0

[Event "5th HIT Open"]
[Site "Nova Gorica SLO"]
[Date "2000.02.02"]
[Round "2"]
[White "Abramovic,B"]
[Black "Lipinsky,F"]
[Result "1/2-1/2"]
[WhiteElo "2501"]
[BlackElo "2313"]

1.d4 d5 2.c4 c6 3.Nc3 Nf6 4.e3 e6 5.Nf3 Nbd7 6.Qc2 Bd6 7.Be2 O-O 8.O-O dxc4
9.Bxc4 a6 10.Bd2 c5 11.dxc5 Nxc5 12.b4 Ncd7 13.Qb3 b5 14.Bxe6 Ne5 15.Bxc8 Nxf3+
16.gxf3 Rxc8 17.Rfd1 Rc4 18.Ne2 Nd5 19.Ng3 Nxb4 20.Bxb4 Rxb4 21.Qd5 Bc7 22.Qc6 Qc8
23.Rac1 Rc4 24.Rxc4 bxc4 25.f4 Ba5 26.Qa4 Qc5 27.Ne4 Qb5 28.Qc2 c3 29.Nd6 Qb2
30.Qxb2 cxb2 31.Rb1 Rb8 32.Kf1 Bb4 33.Nc4 Bc3 34.Ke2 Rd8 35.f5 g6 36.fxg6 hxg6
37.f4 Kg7 38.Kf3 Rh8 39.Kg3 Rh5 40.Nd6 Kg8 41.Ne4 Bh8 42.Ng5 f6 43.Ne6 Rb5
44.Nd4 Rb7 45.f5 gxf5 46.Nb3 f4+ 47.Kxf4 f5 48.Kxf5 a5 49.Nd4 a4 50.a3 Bg7
51.Ke4 Bf8 52.Nc2 Kf7 53.Kd5 Rb5+ 54.Kc4 Rb8 55.h3 Rb3 56.h4 Bxa3 57.Nxa3 Rxa3
58.Rxb2 Rxe3  1/2-1/2

[Event "5th HIT Open"]
[Site "Nova Gorica SLO"]
[Date "2000.02.02"]
[Round "2"]
[White "Kozul,Z"]
[Black "Soln,P"]
[Result "1-0"]
[WhiteElo "2597"]
[BlackElo "2382"]

1.d4 d5 2.c4 c6 3.e3 e6 4.Nf3 Nf6 5.Nc3 Nbd7 6.Bd3 dxc4 7.Bxc4 b5 8.Bd3 Bd6
9.O-O O-O 10.Bd2 Bb7 11.Ne4 Nxe4 12.Bxe4 Qe7 13.Rc1 Rac8 14.Re1 a6 15.a3 e5
16.Qc2 g6 17.Bc3 Rfe8 18.Rcd1 exd4 19.exd4 Qf8 20.h4 Nf6 21.Ne5 Nxe4 22.Rxe4 Bxe5
23.Rxe5 f6 24.Rc5 Qe7 25.Qc1 Rcd8 26.Ba5 Rd7 27.Rd3 Qf7 28.Bc3 Re4 29.Rf3 f5
30.h5 Rd5 31.hxg6 hxg6 32.Rxd5 cxd5 33.Qg5 Rg4 34.Qd8+ Kg7 35.Rh3  1-0

[Event "Renome 2000"]
[Site "Bjeljina YUG"]
[Date "2000.02.03"]
[Round "8"]
[White "Petronic,J"]
[Black "Lazic,Mi"]
[Result "1/2-1/2"]
[WhiteElo "2423"]
[BlackElo "2478"]

1.d4 d5 2.c4 c6 3.Nc3 Nf6 4.Nf3 e6 5.e3 Nbd7 6.Bd3 Be7 7.O-O O-O 8.e4 dxe4
9.Nxe4 b6 10.Qe2 Bb7 11.Rd1 Qc7 12.Bg5 c5 13.dxc5 bxc5 14.Bh4 Qc6 15.Nc3 Rfd8
16.Bc2 Nf8 17.Ba4 Qb6 18.Ne5 Rd4 19.Bg3 Ne4 20.Nxe4 Rxe4 21.Qc2 Bf6 22.Re1 Rd4
23.Rad1 Rad8 24.Rxd4 Rxd4 25.f3 Qd8 26.Qb3 Ba8 27.Qb5 Rd2 28.Qxc5 Rxb2 29.Rd1 Rd2
30.Rxd2 Qxd2 31.h3 h5 32.Qc7 Bxe5 33.Qxe5 Qc1+ 34.Kh2 h4 35.Bf2 Ng6 36.Qb8+ Kh7
37.Qxa8 Qf4+ 38.Kh1 Qxc4 39.Qxa7 Nf4 40.Bg1 Ne2 41.Bf2 Qc1+ 42.Kh2 Qf4+ 43.Kh1 Qc1+
44.Kh2  1/2-1/2

[Event "5th HIT Open"]
[Site "Nova Gorica SLO"]
[Date "2000.02.04"]
[Round "4"]
[White "Epishin,V"]
[Black "Lipinsky,F"]
[Result "1/2-1/2"]
[WhiteElo "2667"]
[BlackElo "2313"]

1.d4 d5 2.c4 c6 3.Nf3 Nf6 4.Nc3 e6 5.e3 Nbd7 6.Qc2 Bd6 7.Bd3 O-O 8.O-O dxc4
9.Bxc4 a6 10.Bd2 c5 11.Bd3 h6 12.Rfe1 Qc7 13.Rac1 Qb8 14.Ne4 Nxe4 15.Bxe4 Nf6
16.dxc5 Bxc5 17.Qxc5 Nxe4 18.Qe7 Nf6 19.e4 Re8 20.Qa3 e5 21.Bb4 Re6 22.Be7 Bd7
23.Bxf6 Rxf6 24.Qe7 Qe8 25.Qxe5 Re6 26.Qf4 Bc6 27.Nd2 Rd8 28.f3 f5 29.Re2 Qf8
30.e5 Bb5 31.Rf2 Rd5 32.Re1 Qe8 33.Nc4 g5 34.Qc1 Rc6 35.Rc2 Bxc4 36.Rxc4 Rxe5
37.Rd1 Rxc4 38.Qxc4+ Kh8 39.Kf2 Kh7 40.h4 Qe7 41.hxg5 hxg5 42.Qc8 Kg6 43.Kg3 Re2
44.Qg8+ Kf6 45.Qh8+ Kg6 46.Qg8+ Kf6 47.Qh8+  1/2-1/2

[Event "5th HIT Open"]
[Site "Nova Gorica SLO"]
[Date "2000.02.05"]
[Round "5"]
[White "Chatalbashev,B"]
[Black "Senff,M"]
[Result "1/2-1/2"]
[WhiteElo "2522"]
[BlackElo "2349"]

1.d4 d5 2.c4 c6 3.e3 Nf6 4.Nc3 e6 5.Nf3 Bd6 6.Bd3 dxc4 7.Bxc4 b5 8.Bd3 Nbd7
9.O-O O-O 10.Qc2 h6 11.h3 Bb7 12.e4 e5 13.dxe5 Nxe5 14.Nxe5 Bxe5 15.Be3 Bd4
16.Rae1 Re8 17.Bxd4 Qxd4 18.Ne2 Qb6 19.Ng3 c5 20.e5 Nd7 21.Be4 Bxe4 22.Rxe4 Rxe5
23.Rd1 f5 24.Rxe5 Nxe5 25.Nxf5 Re8 26.Qe4 Qc6 27.Qf4 Qf6 28.Rd6 Re6 29.Rxe6 Qxe6
30.Qe4 Qf6 31.g4 a6 32.Qd5+ Kh7 33.Qxc5 h5 34.Qc2 hxg4 35.Ne3+ Qg6 36.hxg4 Qxc2
37.Nxc2 Nxg4 38.Nb4 a5 39.Nc6 a4 40.Kf1 Kg6 41.Ke2 Kf6 42.f4 Kf5 43.Kf3 Nh2+
44.Ke3 Ng4+ 45.Kf3 Nh2+ 46.Kg2 Ng4 47.Kg3 Ne3 48.Nd4+ Ke4 49.Nxb5 Kd3 50.b3 axb3
51.axb3 Nd5 52.Kf3 Kc2  1/2-1/2

[Event "Extraliga CZE"]
[Site "Ostrava CZE"]
[Date "2000.02.05"]
[Round "8"]
[White "Pribyl,M"]
[Black "Kulhanek,T"]
[Result "1-0"]
[WhiteElo "2321"]
[BlackElo "2345"]

1.Nf3 d5 2.c4 c6 3.e3 Nf6 4.Nc3 e6 5.d4 Nbd7 6.Bd3 Bb4 7.O-O O-O 8.Qc2 Re8
9.a3 Bd6 10.e4 dxc4 11.Bxc4 e5 12.Be3 h6 13.h3 Qe7 14.Rfe1 Nh5 15.Rad1 Bc7
16.d5 Nf8 17.Bf1 Qf6 18.Nd2 Nf4 19.Bxf4 exf4 20.Nf3 Ng6 21.dxc6 bxc6 22.Nb5 Bb8
23.Nbd4 Ne5 24.Nxe5 Bxe5 25.Nxc6 f3 26.g3 Bb7 27.Nxe5 Rxe5 28.Rd7 Rc8 29.Qd3 Bc6
30.Rxa7 Rg5 31.Qd2 Rd8 32.Qe3 Re8 33.Ra6 Re6 34.Rc1 Rxe4 35.Qxe4 Bxe4 36.Rxf6 gxf6
37.b4 Rd5 38.b5 Rd2 39.Ra1 f5 40.a4 f4 41.gxf4 Rd6 42.a5 Rg6+ 43.Kh2  1-0

[Event "NED-chT"]
[Site "Amsterdam NED"]
[Date "2000.02.06"]
[Round "2"]
[White "Oosterom,E"]
[Black "Kuijf,M"]
[Result "0-1"]
[WhiteElo "2194"]
[BlackElo "2452"]

1.d4 d5 2.c4 e6 3.Nc3 Nf6 4.Nf3 c6 5.e3 Nbd7 6.Qc2 Bd6 7.Bd3 O-O 8.O-O a6
9.Rd1 dxc4 10.Bxc4 Qc7 11.Ne4 Nxe4 12.Qxe4 b5 13.Bb3 Bb7 14.Bc2 Nf6 15.Qd3 c5
16.b3 cxd4 17.Bb2 e5 18.Rac1 Qa5 19.Qf5 Qxa2 20.Rb1 Rac8 21.Ng5 Rxc2 22.Qxc2 Bd5
23.Qf5 h6 24.exd4 hxg5 25.dxe5 Be4 26.Qxg5 Nh7 27.Qe3 Bxb1 28.exd6 Qxb2 29.d7 Qf6
30.Rxb1 Rd8 31.Qe8+ Nf8  0-1

[Event "Goodricke Open"]
[Site "Calcutta IND"]
[Date "2000.02.06"]
[Round "1"]
[White "Kaidanov,G"]
[Black "Prakash,G"]
[Result "1-0"]
[WhiteElo "2599"]
[BlackElo "2435"]

1.d4 d5 2.c4 c6 3.Nc3 Nf6 4.e3 e6 5.Nf3 Nbd7 6.Bd3 dxc4 7.Bxc4 b5 8.Be2 a6
9.O-O Bb7 10.e4 b4 11.e5 bxc3 12.exf6 Nxf6 13.bxc3 Bd6 14.Rb1 Qc7 15.Qb3 Rb8
16.Ba3 O-O 17.Bxd6 Qxd6 18.Ne5 c5 19.Qb6 Qxb6 20.Rxb6 Nd5 21.Rb2 Ba8 22.Rxb8 Rxb8
23.dxc5 f6 24.Nd7 Rb7 25.c4 Rxd7 26.cxd5 Bxd5 27.a3 Rc7 28.Rc1 a5 29.f4 Kf7
30.Kf2 Ke7 31.a4 e5 32.fxe5 fxe5 33.g3 Rb7 34.Bb5 Ke6 35.Ke3 Rf7 36.Be2 Rb7
37.Bb5 Rf7 38.Be2 Rb7 39.Bg4+ Ke7 40.c6 Rc7 41.Rc5 Kd6 42.Rxa5 Bxc6 43.Be2 Rb7
44.Bb5 Bd5 45.Ra8 Rf7 46.Rd8+ Kc5 47.Be2 Ra7 48.Bb5 Rf7 49.Be2 Ra7 50.Rc8+ Kd6
51.Bb5 Rf7 52.Ke2 Bf3+ 53.Kd3 Bd5 54.Rd8+  1-0

[Event "5th HIT Open"]
[Site "Nova Gorica SLO"]
[Date "2000.02.06"]
[Round "6"]
[White "Kozul,Z"]
[Black "Lipinsky,F"]
[Result "1/2-1/2"]
[WhiteElo "2597"]
[BlackElo "2313"]

1.d4 d5 2.c4 c6 3.e3 Nf6 4.Nc3 e6 5.Nf3 Nbd7 6.Bd3 dxc4 7.Bxc4 b5 8.Bd3 Bb7
9.O-O a6 10.a4 b4 11.Ne4 Nxe4 12.Bxe4 Nf6 13.Bc2 c5 14.a5 Bd6 15.Ba4+ Ke7
16.e4 Nxe4 17.Re1 h6 18.Ne5 Bxe5 19.dxe5 Qxd1 20.Rxd1 Bd5 21.Be3 Rhc8 22.f3 Ng5
23.b3 Rc7 24.Rac1 Rac8 25.Rc2 f6 26.Rdc1 fxe5 27.Rxc5 Kd6 28.Rxc7 Rxc7 29.Rxc7 Kxc7
30.Bc5 e4 31.f4 Nf7 32.Be8 Nd6 33.Bg6 Nf5 34.Bxb4 Nh4 35.Bh5 e3 36.Bf8 Nxg2
37.Bxg7 Nh4 38.Bxh6 Bf3 39.Bxf3 Nxf3+ 40.Kf1 Nxh2+ 41.Ke2 Kd6 42.Bg7 Kd5
43.Kxe3 Nf1+ 44.Ke2 Ng3+ 45.Kf3 Ne4 46.b4 Nd6 47.Kg4 Nb5 48.Kg5 Kc6 49.Kf6 Kd7
50.Bf8 Nc7 51.Ke5 Nb5 52.Bc5 Nc7 53.Bb6 Nb5 54.Bf2 Nc7 55.Bg3 Kc6 56.Bh2 Kd7
57.Bg3 Kc6 58.Bf2 Kd7 59.Ba7 Nb5 60.Bb8 Nc3 61.Ba7 Nb5 62.Bb6 Nd6  1/2-1/2

[Event "Petroff Mem Open"]
[Site "St Petersburg RUS"]
[Date "2000.02.07"]
[Round "1"]
[White "Najer,E"]
[Black "Hachatrian,V"]
[Result "1-0"]
[WhiteElo "2572"]
[BlackElo "2370"]

1.d4 d5 2.c4 c6 3.Nc3 Nf6 4.e3 e6 5.Nf3 Nbd7 6.Bd3 dxc4 7.Bxc4 b5 8.Bd3 Bb7
9.a3 a6 10.b4 a5 11.Rb1 Bd6 12.O-O O-O 13.Qc2 Qe7 14.e4 axb4 15.axb4 e5 16.Ne2 Ra4
17.dxe5 Bxe5 18.Nxe5 Nxe5 19.Nc3 Ra6 20.Be2 Rfa8 21.Be3 Qe6 22.Bd4 Nc4 23.Bxc4 Qxc4
24.Bxf6 gxf6 25.Rfc1 Bc8 26.Qd2 Be6 27.h4 R6a7 28.h5 Rd7 29.Nd5 cxd5 30.Rxc4 bxc4
31.h6 d4 32.Qf4 Rad8 33.Qxf6 Kf8 34.f4 c3 35.Rc1 Bb3 36.Rxc3 dxc3 37.Qxc3 Rd3
38.Qc5+ Ke8 39.Qe5+ Kd7 40.Kh2 Kc8 41.Qf5+ Kb7 42.Qxh7 R3d6 43.f5 Re8 44.Qg7 Rxe4
45.h7 Rh4+ 46.Kg3 Rdh6 47.Qc3 Bc4 48.Qf3+ Kc7 49.Qe3 Rxh7 50.Qc5+ Kd7 51.b5 Bxb5
52.Qxb5+ Kd6 53.Qe8 Kd5 54.Kf3 Rh1 55.Kf4 R1h4+ 56.g4 R4h6 57.Qd8+ Kc6 58.g5 Rh1
59.Ke5 Re1+ 60.Kf6 Reh1 61.Qe8+ Kd5 62.Qe5+ Kc6 63.Ke7 R1h5 64.f6 Rh4 65.Qd6+ Kb7
66.Qd5+ Kc7 67.Qc5+ Kb7 68.Kd7 Rh1 69.Qc6+ Kb8 70.Qb6+ Ka8 71.Qb3 Ka7 72.Ke8 R1h5
73.Qb5 Ka8 74.Kd7 Rh1 75.Kc7  1-0